000 00822cam a2200253 4500
001 5935
090 _a5935
100 _a20211231d1979 c||y0pory5003 ba
200 1 _aO helicóptero atarantado
_fcriação e realização Almat
_gcolab. Francesco Bellesia, Giorgio Citelli, Anna Maria Corradi
_gtrad. Manuel Ruas
210 _aLisboa
_cPlátano
_dcop. 1979
215 _a12 p.
_cil.
_d22 cm
225 2 _aOs contos do tio Hortelão
606 _914
_aLiteratura infantil
606 _913
_aLiteratura Estrangeira
675 _a82-93
_vBN
_zpor
675 _a821.1/.8
_vBN
_zpor
700 _aAlmat
_95623
702 _aRuas
_bManuel
_94708
702 _aBellesia
_bFrancesco
_95624
702 _aCitelli
_bGiorgio
_95625
702 _aCorradi
_bAnna Maria
_95626
801 0 _aPT
_bBMVN
_gRPC
830 _cAna Caetano
_d31/12/2021
990 _cLIVROS